| 000 | 00989cam a2200277 a 4500 | ||
|---|---|---|---|
| 001 | 16699386 | ||
| 003 | OSt | ||
| 005 | 20230606092751.0 | ||
| 008 | 110321s2009 tz i000 0 eng | ||
| 010 | _a 2011349158 | ||
| 020 | _a9987666019 | ||
| 040 |
_aDLC _cDLC |
||
| 042 |
_apcc _alcode |
||
| 043 | _afe---- | ||
| 082 |
_a346.06 _bEAC |
||
| 110 | 1 |
_aKenya. _tTreaties, etc. _d1999 November 30. _kProtocols, etc., _d2009 November 20. |
|
| 245 | 1 | 0 |
_aProtocol on the establishment of the East African Community Common Market / _cEast African Community. |
| 260 |
_aArusha, Tanzania : _bEAC Secretariat, _c[2009?] |
||
| 300 |
_aiv, 96 p. ; _c30 cm. |
||
| 610 | 2 | 0 | _aEast African Community. |
| 651 | 0 |
_aAfrica, East _xInternational economic integration. |
|
| 710 | 2 |
_aEast African Community. _bSecretariat. |
|
| 906 |
_a7 _bcbc _corigode _d3 _encip _f20 _gy-gencatlg |
||
| 942 |
_2ddc _cBK |
||
| 999 |
_c536 _d536 |
||